Bilecik Bilecik Bilecik Bilecik Bilecik

The sports gene: talent, practice and the truth about success/ (Record no. 60672)

MARC details
000 -BAŞLIK
Sabit Uzunluktaki Kontrol Alanı 02015nam a22003737a 4500
001 - KONTROL NUMARASI
Control Dosyası 0060871
003 - KONTROL NUMARASI KİMLİĞİ
Kontrol Alanı KOHA_MİRAKIL
005 - EN SON İŞLEM TARİHİ ve ZAMANI
Kontrol Alanı 20260207004315.0
007 - FİZİKSEL TANIM SABİT ALAN - GENEL BİLGİ
Sabit uzunluklu kontrol alanı ta
008 - SABİT UZUNLUKTAKİ VERİ ÖGELERİ - GENEL BİLGİ
Sabit Alan 170912b2013 xx |||gr||||#||||0|eng |
020 ## - ISBN - ULUSLARARASI STANDART KİTAP NUMARASI
Isbn 0224091626
020 ## - ISBN - ULUSLARARASI STANDART KİTAP NUMARASI
Isbn 9780224091626
020 ## - ISBN - ULUSLARARASI STANDART KİTAP NUMARASI
Isbn
020 ## - ISBN - ULUSLARARASI STANDART KİTAP NUMARASI
Kullanılabilirlik koşulları 92,68
040 ## - KATALOGLAMA KAYNAĞI
Özgün Kataloglama Kurumu TR-BiSEU
Kataloglama Dili tur
Çeviri Kurumu TR-BiSEU
Açıklama Kuralları rda
041 0# - DİL KODU
Metin ya da ses kaydının dil kodu eng
050 ## - SINIFLAMA ve YER NUMARASI
Sınıflama Numarası QM151
Yer Numarası .A67 2013
100 1# - KİŞİ ADI
Yazar Adı (Kişi adı) Apstein, David J..
245 14 - ESER ADI BİLDİRİMİ
Başlık The sports gene: talent, practice and the truth about success/
Sorumluluk Bildirimi David J. Apstein ; David J. Apstein.
264 #1 - ÜRERİM, YAYIN, DAĞITIM ve TELİF BİLDİRİMİ
Yayın yeri Londan :
Yayınlayan Yellow Hersey Press
Yayın tarihi 2013
300 ## - FİZİKSEL TANIMLAMA
Sayfa, Cilt vb. 338 pages ;
Boyutları 20 cm.
336 ## - İÇERİK TÜRÜ
Content type term metin
Content type code txt
Source rdacontent
337 ## - MEDYA TÜRÜ
Media type term aracısız
Media type code n
Source rdamedia
338 ## - TAŞIYICI TÜRÜ
Carrier type term cilt
Carrier type code nc
Source rdacarrier
500 ## - GENEL NOT
Genel Not Includes bibliographical references and index.
505 ## - İÇİNDEKİLER NOTU
İçindekiler Notu Introduction: in search of sports genes -- Beat by an underhand girl: the gene-free model of expertise -- A tale of two high jumpers (or: 10,000 hours plus or minus 10,000 hours) -- Major league vision and the greatest child athlete sample evEyüp.2017-1er: the hardware and software paradigm -- Why men have nipples -- The talent of trainability -- Superbaby, bully whippets, and the trainability of muscle -- The big bang of body types -- The vitruvian NBA player -- We are all black (sort of): race and genetic diversity -- The warrior-slave theory of Jamaican sprinting -- Malaria and muscle fibers -- Can every Kalenjin run? -- The world's greatest accidental (altitudinous) talent sieve -- Sled dogs, ultrarunners, and couch potato genes -- The heartbreak gene: death, injury, and pain on the field -- The gold medal mutation -- Epilogue: the perfect athlete.
650 #0 - KONU BAŞLIĞI EK GİRİŞ - KONU TERİMİ
Konusal terim veya coğrafi ad Sports--Physiological aspects.
9 (RLIN) 62500
650 #0 - KONU BAŞLIĞI EK GİRİŞ - KONU TERİMİ
Konusal terim veya coğrafi ad Human genetics.
9 (RLIN) 30718
650 #0 - KONU BAŞLIĞI EK GİRİŞ - KONU TERİMİ
Konusal terim veya coğrafi ad Athlectic and autdoor sports.
9 (RLIN) 112584
650 #0 - KONU BAŞLIĞI EK GİRİŞ - KONU TERİMİ
Konusal terim veya coğrafi ad Spor--Fizyolojik yönler.
9 (RLIN) 112585
650 #0 - KONU BAŞLIĞI EK GİRİŞ - KONU TERİMİ
Konusal terim veya coğrafi ad İnsan genetiği.
9 (RLIN) 94240
650 #0 - KONU BAŞLIĞI EK GİRİŞ - KONU TERİMİ
Konusal terim veya coğrafi ad Atletik ve doğa sporlaro.
9 (RLIN) 112586
942 ## - EK GİRİŞ ÖGELERİ (KOHA)
Source of classification or shelving scheme Library of Congress Classification
Koha item type Book
Holdings
Materyal Türü Kalıcı Konum Mevcut Konum Raf Yeri Sınıflandırma Kaynağı Edinim Bilgisi Ana Konular Alt Konular Yer Numarası Demirbaş Numarası Fatura Tarihi Geri Çekilme Durumu Kayıp Durumu Hasarlı Durumu Kredi için değil Kayıt Tarih Toplam Ödünçverme Son Görülme Tarihi Son Kontrol Tarihi
Book Prof. Dr. Azmi Özcan Kütüphanesi Prof. Dr. Azmi Özcan Kütüphanesi Uluğbey Salonu Library of Congress Classification Satın BİLİM İnsan Anatomisi QM151 .A67 2013 0060871 02/02/2026         12/09/2017   05/12/2024 05/12/2024